000 01316nam a2200241Ia 4500
999 _c55956
_d55956
001 23055
003 GE_BSU
005 20230630175018.0
008 181216s1994||||ge |||||||||||||| ||geo||
040 _cGE_BSU
041 _ageo
080 _a821.14'04(082) ბ-66
245 _aბიზანტიური მწერლობის ქრესტომათია. ტ. 1, (IV ს.-VII ს. პირველი ნახევარი) /
_cპასუხისმგებელი რედ. ლიანა კვირიკაშვილი ; მხატვ. ლევან ხარნაული.
264 _aთბილისი :
_b[გ.გ],
_c1994.
300 _a269 გვ. ;
_c19 მ.
504 _aბიბლიოგრაფია ტექსტის შენიშვნებში
541 _h5ლ.
653 _aბიზანტიური მწერლობა
653 _aბიზანტიური მწერლობის ქრესტომათია. ტ. 1, (IV ს.-VII ს. პირველი ნახევარი)
700 _aკვირიკაშვილი, ლიანა
_eრედაქტორი
_916975
700 _aხარნაული, ლევან
_eმხატვარი
_919127
942 _cBK
_2udc